Statistics for Largest Cities In Maryland

Click here to take the quiz!

General Stats

  • This quiz has been taken 13 times
  • The average score is 9 of 20

Answer Stats

RankPopulationCity% Correct
1614,700Baltimore
100%
1358,368Bowie
62%
2103,663Columbia
62%
479,750Silver Spring
62%
1262,448Bethesda
54%
770,166Frederick
54%
967,529Gaithersburg
54%
1067,062Rockville
54%
574,587Waldorf
54%
390,844Germantown
46%
1162,768Dundalk
38%
672,247Ellicott City
38%
869,813Glen Burnie
38%
1458,347Towson
38%
1552,807Aspen Hill
23%
2045,824Potomac
23%
1850,052Severn
23%
1650,459Wheaton
15%
1948,269Bel Air South
8%
1750,262North Bethesda
8%

Score Distribution

Percentile by Number Answered

Percent of People with Each Score

Your Score History

You have not taken this quiz